000 00485nam a2200169Ia 4500
001 17706
008 140405s9999 xx 000 0 und d
020 _a0-9631864-3-4
040 _cPK-LaUMT
082 _aR 330.95
_bGEN-C
100 _aChristine A Genzberger
245 _aChina business:
_bThe portable encyclopedia for doing business with China.
_cChristine A Genzberger
260 _aSan Rafael,USA:
_bWorld trade Press,
_c1994
300 _a418 p.
546 _aEN
942 _cBK
999 _c18115
_d18115